1229 1384 1865 1107 1488 1287 1710 1812 1670 1835 1134 1333 1205 1185 1137 1193 1564 1196 1147 1343 1306 1736 1205 1347 1398 1753 1748 1085 1117 1872 1801 1620 1642 1792 1120 1426 1766 1443 1710 1847 1971 1640 1685 1671 1997 1055 1607 1160 1493 1039 1088 1040 1627 1826 1272 1444 1272 1962 1809 1760 1174 1602 1491 1030 1716 1598 1535 1659 1122 1498 1157 1638 1025 1388 1230 1640 1963 1186 1003 1438 1287 1523 1675 1984 1667 1191 1424 1255 1428 1284 1790 1063 1165 1206 1467 1889 1681 1575 1594 BCNSPRNW ULIB Ver.6.0+V

เปลี่ยนเป็นภาษาไทย

Change to English
 แสดงรายละเอียดบรรณานุกรม
  กลับหน้าหลัก

Brief Record : Get Marc (ISO 2709) : E-mail record : QR code < ปิดหน้าต่าง
LEADER : 00000nam 2200000uu 4500
001    13399114010
003     ULIB
008    120125s2542||||th 000 0 tha d
020    ^a9742935009
060 04 ^aWA546^bม738ค 2542
110 2  ^aสำนักงานคณะกรรมการการสาธารณสุขมูลฐาน
245 10 ^aคู่มือเจ้าหน้าที่ในการดำเนินงานเกี่ยวกับอาสาสมัครสาธารณสุข /^cสำนักงานคณะกรรมการการสาธารณสุขมูลฐาน
250    ^aพิมพ์ครั้งที่ 1
260    ^aกรุงเทพฯ :^bสำนักงาน,^c2542
300    ^a60 หน้า ;^c29 ซม.
650  4 ^aสาธารณสุขมูลฐาน^xคู่มือ
650  4 ^aอาสาสมัครสาธารณสุข^xคู่มือ
700 0  ^aชื่นสุข ฤกษ์งาม
710 2  ^aสำนักงานปลัดกระทรวงสาธารณสุข
945    ^p0^l0^i9388
995    ^aกัณชพร
999 ^a ใช้งานได้ทุกระบบ
รายการนี้ยังไม่มีแท็ก
คุณยังไม่ได้ล็อกอิน คุณสามารถมีกิจกรรมร่วมกับเว็บไซต์ได้ แต่ต้องล็อกอินก่อน ::
  ล็อกอิน

รายการสื่อสารสนเทศ

ลำดับที่ ประเภท เลขเรียก/บาร์โค้ด สถานที่ สถานะ
- ไม่พบข้อมูล -

BibComment


ยังไม่เคยถูกคอมเมนท์

คอมเมนท์ทรัพยากรรายการนี้
  คอมเมนท์: คู่มือเจ้าหน้าที..


 Copyright 2026. Bcnsprnw @Library